Word Ladder: Star Spangled Intro Quiz Stats

 Plays Quiz Updated Jul 3, 2015

Challenge
Share
Tweet
Embed
Score 0/15 Timer 02:00
0 Plays Today
Hint 3-Letter Word % Correct
✫ OBSERVE ✫✫ SEE ✫
95.1%
✫ UTTER ✫✫ SAY ✫
92.6%
Tofu beanSOY
88.9%
Raw metalORE
88.7%
Ply a needleSEW
86.1%
Pro's partnerCON
84.5%
✫ ALUMINUM VESSEL ✫✫ CAN ✫
84.2%
Not really shyCOY
83%
Hint 3-Letter Word % Correct
Used a tuffetSAT
81.2%
Snack for a mareOAT
79.5%
✫ BE IN THE RED ✫✫ OWE ✫
76%
Table scrapORT
75.6%
✫ VARIETY OF EVERGREEN ✫✫ YEW ✫
70%
Corvine commentCAW
60.8%
Pitch and ___YAW
60.7%

Today's Daily Dose

You're not logged in!

Compare scores with friends on all Sporcle quizzes.
Join for Free
OR
Log In

You Might Also Like...

Show Comments

Extras

Top Quizzes Today


Score Distribution

Your Account Isn't Verified!

In order to create a playlist on Sporcle, you need to verify the email address you used during registration. Go to your Sporcle Settings to finish the process.

Report this User

Report this user for behavior that violates our Community Guidelines.

Details: